The complete grammar

Guardat en:
Dades bibliogràfiques
Autor principal: STRUMPF, Michael
Format: Llibre
Idioma:anglès
Publicat: Goodwill Publishers,
Etiquetes: Afegir etiqueta
Sense etiquetes, Sigues el primer a etiquetar aquest registre!

MARC

LEADER 00000nam a22000007a 4500
008 210427b ||||| |||| 00| 0 eng d
020 |a  978-81-7245-304-6 
100 |a STRUMPF, Michael. 
245 |a The complete grammar  |c Michael Strumpf, Auriel Douglas.  |g  x, 597p; ill. 
260 |b  Goodwill Publishers,   |h  New Delhi  |i 691437  |i 691438  |l PE1112 .St8  |m English language – Grammar 
500 |a “It includes index”. 
942 |a lcc  |c BK  |e Adekanye, I. H.  |f 27/04/2021 
952 |0 0  |1 0  |2 lcc  |4 0  |6 PE1112 S T8  |7 0  |9 2358  |a HOL  |b HOL  |c LP  |d 2021-04-27  |l 0  |o PE1112 .St8  |p 2021-6212  |r 2021-04-27 00:00:00  |w 2021-04-27  |y BK 
952 |0 0  |1 0  |2 lcc  |4 0  |6 PE1112 S T8  |7 0  |9 2359  |a HOL  |b HOL  |c LP  |d 2021-04-27  |l 0  |o PE1112 .St8  |p 2021-6213  |r 2021-04-27 00:00:00  |w 2021-04-27  |y BK 
999 |c 1217  |d 1217